Normal view
MARC view
- Nandgaonkar S
Entry Personal Name
001 - CONTROL NUMBER
- control field: 217332
003 - CONTROL NUMBER IDENTIFIER
- control field: OSt
005 - DATE AND TIME OF LATEST TRANSACTION
- control field: 20260327144254.0
008 - FIXED-LENGTH DATA ELEMENTS
- fixed length control field: 260327|| aca||aabn | a|a d
040 ## - CATALOGING SOURCE
- Original cataloging agency: OSt
- Transcribing agency: OSt
100 ## - HEADING--PERSONAL NAME
- Personal name: Nandgaonkar S
670 ## - SOURCE DATA FOUND
- Source citation: Work cat.: (OSt)370793: Nandgaonkar S., आधुनिक महाराष्ट्राची जडणघडण शिल्पकार चरित्रकोश खंड ७: चित्रपट आणि संगीत, 2014